000 00453cam a22001934a 4500
005 20250605164302.0
008 250528s ||||||||||||||||||||||||d
035 _a22119
020 _a9780470637524
040 _aGR-AtMCL
_bgre
_dGR-AtMCL
_eAACR2
245 1 _aHOTEL FRONT OFFICE MANAGEMENT
250 _a5
260 _bWiley,
_c2011
300 _a492
700 1 _aBardi James A.
_96132
942 _cBK
999 _c7175
_d7175